LEADER 00983nam0-2200337---450 001 990005468810403321 005 20231212110324.0 035 $a000546881 035 $aFED01000546881 035 $a(Aleph)000546881FED01 035 $a000546881 100 $a19990604d1937----km-y0itay50------ba 101 0 $ager 102 $aDE 105 $aaf------011yy 200 1 $aCorolla Ludwig Curtius zum sechzigsten Gerburtstag dargebracht 210 $aStuttgart$cW. Kohlhammer$d1937 215 $a2 v.$d32 cm 327 1 $a1.: Text$a2.: Tafeln 610 0 $aAntichitą greco-romane 610 0 $aArte antica 676 $a709.3$v22$zita 702 1$aCurtis,$bLudwig 801 0$aIT$bUNINA$gRICA$2UNIMARC 901 $aBK 912 $a990005468810403321 952 $aARCH. X 018 2$bR.bibl. 18615$fFLFBC 952 $aARCH. X 018 2 a$bR.bibl. 18615$fFLFBC 959 $aFLFBC 996 $aCorolla Ludwig Curtius zum sechzigsten Gerburtstag dargebracht$9588063 997 $aUNINA